Problem of refugees in the light of contemporary international law issues / (Record no. 6163)

MARC details
000 -LEADER
fixed length control field 03242cam a2200421 a 4500
001 - CONTROL NUMBER
control field ocm32590446
003 - CONTROL NUMBER IDENTIFIER
control field TZ-ArACH
005 - DATE AND TIME OF LATEST TRANSACTION
control field 20230620102617.0
008 - FIXED-LENGTH DATA ELEMENTS--GENERAL INFORMATION
fixed length control field 950517s1996 ne b 000 0 eng
010 ## - LIBRARY OF CONGRESS CONTROL NUMBER
LC control number 95020419
015 ## - NATIONAL BIBLIOGRAPHY NUMBER
National bibliography number GB9607150
Source bnb
016 7# - NATIONAL BIBLIOGRAPHIC AGENCY CONTROL NUMBER
Record control number B9602416
Source bccb
020 ## - INTERNATIONAL STANDARD BOOK NUMBER
International Standard Book Number 9041100857
Qualifying information (alk. paper)
020 ## - INTERNATIONAL STANDARD BOOK NUMBER
International Standard Book Number 9789041100856
Qualifying information (alk. paper)
035 ## - SYSTEM CONTROL NUMBER
System control number (OCoLC)32590446
040 ## - CATALOGING SOURCE
Transcribing agency TZ-ArACH
041 0# - LANGUAGE CODE
Language code of text/sound track or separate title eng
-- fre
049 ## - LOCAL HOLDINGS (OCLC)
Holding library TZAA
050 00 - LIBRARY OF CONGRESS CALL NUMBER
Classification number JX4292
Item number .P76 1996
245 04 - TITLE STATEMENT
Title Problem of refugees in the light of contemporary international law issues /
Statement of responsibility, etc edited by Vera Gowlland-Debbas.
260 ## - PUBLICATION, DISTRIBUTION, ETC. (IMPRINT)
Place of publication, distribution, etc The Hague ;
-- Boston :
Name of publisher, distributor, etc M. Nijhoff ;
Place of publication, distribution, etc Cambridge, MA :
Name of publisher, distributor, etc Sold and distributed in the U.S.A. and Canada by Kluwer Law International,
Date of publication, distribution, etc 1996.
300 ## - PHYSICAL DESCRIPTION
Extent xxiv, 179 pages ;
Dimensions 24 cm
490 1# - SERIES STATEMENT
Series statement Nijhoff law specials ;
Volume number/sequential designation vol. 12
500 ## - GENERAL NOTE
General note "Papers presented at the colloquium organized by the Graduate Institute of International Studies in collaboration with the Office of the United Nations High Commissioner for Refugees, Geneva, 26 and 27 May, 1994."
504 ## - BIBLIOGRAPHY, ETC. NOTE
Bibliography, etc Includes bibliographical references.
505 0# - FORMATTED CONTENTS NOTE
Formatted contents note Preface / Daniel Warner -- Introduction / Vera Gowlland-Debbas -- Keynote Address / Sadako Ogata -- Legal Issues Arising from Recent UNHCR Operations: Introduction / Leonardo Franco -- Coping with a Complex Refugee Crisis in Africa: Issues, Problems and Constraints for Refugee and International Law / George Okoth-Obbo -- Issues Arising from the UNHCR Operation in Former Yugoslavia / Wilbert van Hovell -- Nationality and Statelessness Issues in the Newly Independent States / Michel Iogna-Prat -- Legal Problems Arising From The Dissolution of States in Relation to the Refugee Phenomenon / Vaclav Mikulka -- Commentaires sur: les problemes decoulant de la creation et de la dissolution des Etats et les flux de refugies / Alain Pellet -- State Responsibility and the Country of Origin / Christian Tomuschat -- Commentaires sur: la responsabilite de l'Etat d'origine des refugies / Brigitte Stern.
505 8# - FORMATTED CONTENTS NOTE
Formatted contents note The Right to Leave, the Right to Return and the Question of a Right to Remain / Guy S. Goodwin-Gill -- Comments on: The Right to Leave, the Right to Return and the Question of a Right to Remain / Kay Hailbronner -- The Legal Basis of International Jurisdiction to Act with Regard to the Internally Displaced / Richard Plender -- Comments on: The Legal Basis of International Jurisdiction to Act with Regard to the Internationally Displaced / Ved P. Nanda -- Legal Issues Arising from Conflicts between UN Humanitarian and Political Mandates -- a Survey / Claire Palley -- Reflecting the Discussions / Edited by Virginia A. Leary.
546 ## - LANGUAGE NOTE
Language note Contributions in English or French.
650 #0 - SUBJECT ADDED ENTRY--TOPICAL TERM
Topical term or geographic name as entry element Refugees
General subdivision Legal status, laws, etc.
650 #7 - SUBJECT ADDED ENTRY--TOPICAL TERM
Topical term or geographic name as entry element Refugees
General subdivision Legal status, laws, etc.
Source of heading or term nli
650 #7 - SUBJECT ADDED ENTRY--TOPICAL TERM
Topical term or geographic name as entry element Refugees
General subdivision International cooperation.
Source of heading or term nli
653 0# - INDEX TERM--UNCONTROLLED
Uncontrolled term Refugees
-- International law
700 1# - ADDED ENTRY--PERSONAL NAME
Personal name Gowlland-Debbas, Vera,
Dates associated with a name 1943-
710 2# - ADDED ENTRY--CORPORATE NAME
Corporate name or jurisdiction name as entry element Graduate Institute of International Studies (Geneva, Switzerland)
710 2# - ADDED ENTRY--CORPORATE NAME
Corporate name or jurisdiction name as entry element Office of the United Nations High Commissioner for Refugees.
830 #0 - SERIES ADDED ENTRY--UNIFORM TITLE
Uniform title Nijhoff law specials ;
Volume number/sequential designation 12.
942 ## - ADDED ENTRY ELEMENTS (KOHA)
Source of classification or shelving scheme Library of Congress Classification
Koha item type Books
Holdings
Home library Current library Date acquired Full call number Barcode Koha item type
African Court on Human and Peoples' Rights Library African Court on Human and Peoples' Rights Library 29/03/2022 JX4292 .P76 1996 10194134 Books

African Court on Human and Peoples' Rights | For Inquiries Contact » +255 272 510 510